000 00874nam a22001937a 4500
999 _c183026
_d183026
005 20211215114049.0
010 _aHIN-121395
020 _a978-93-88356-04-6
_c200.00
035 _aHN-93741
037 _bDBAD/PUB
082 _a841
_b1
245 _aगुलज़ार-ए-मुजतर:
_bइन्तेखाब-ए-कलाम-ए-राम रतन मुजतर/
_cरहमान अखतर द्वारा संपादित
250 _a2018
260 _a दिल्ली
_bEDUCATIONAL PUBLISHING HOUSE
_c2018
270 _a3191,VAKIL STREET, KUCHA PANDIT, LAL KUAN
_b दिल्ली
_e110006
_k011-23216162, 011-23214465
_l0091-11-23211540
_minfo@ephbooks.com, ephindia@gmail.com
300 _a112पृ.
_c23(अजिल्द)
700 _aअखतर, रहमान
942 _2ddc
_cHN
_h841
_mगुलज़ा